[Event "Regionalliga NO 1112"]
[Site "Bayern"]
[Date "2011.10.02"]
[Round "1.7"]
[White "Stolpynsky, Mark"]
[Black "Holzer, Johann"]
[Result "1/2-1/2"]
[WhiteElo "1997"]
[BlackElo "1909"]
[PlyCount "53"]
[EventDate "2011.10.02"]
[EventType "team-tourn"]
[EventRounds "9"]
[EventCountry "GER"]
[SourceTitle "EXT 2013"]
[Source "ChessBase"]
[SourceDate "2012.11.22"]
[SourceVersion "1"]
[SourceVersionDate "2012.11.22"]
[SourceQuality "1"]
[WhiteTeam "Fuerth"]
[BlackTeam "Bechhofen"]
[WhiteTeamCountry "GER"]
[BlackTeamCountry "GER"]

1. d4 Nf6 2. Nf3 e6 3. e3 b6 4. Bd3 Bb7 5. Nbd2 d5 6. 0-0 Bd6 7. Qe2 Nbd7 8. e4 dxe4 9. Nxe4 Be7 10. Rd1 0-0 11. c3 c6 12. Bg5 Qc7 13. Bh4 c5 14. dxc5 bxc5 15. Nxf6+ Nxf6 16. Ne5 Nd5 17. Bg3 Bd6 18. c4 Ne7 19. Bxh7+ Kxh7 20. Rxd6 Qxd6 21. Rd1 Qa6 22. Rd7 Rad8 23. Rxd8 Rxd8 24. Qh5+ Kg8 25. Qxf7+ Kh7 26. Qh5+ Kg8 27. Qf7+ 1/2-1/2

[Event "Bayern-ch Seniors 23rd"]
[Site "Bergen"]
[Date "2011.05.30"]
[Round "3"]
[White "Stolpynsky, Mark"]
[Black "Leuschner, Guenter"]
[Result "1-0"]
[WhiteElo "1996"]
[BlackElo "1797"]
[PlyCount "57"]
[EventDate "2011.05.28"]
[EventType "swiss"]
[EventRounds "9"]
[EventCountry "GER"]
[SourceTitle "EXT 2012"]
[Source "ChessBase"]
[SourceDate "2011.11.24"]
[SourceVersion "1"]
[SourceVersionDate "2011.11.24"]
[SourceQuality "1"]

1. d4 d5 2. Nf3 Nf6 3. e3 g6 4. Bd3 Bg7 5. Nbd2 Nbd7 6. 0-0 0-0 7. c3 c5 8. Re1 b6 9. e4 dxe4 10. Nxe4 Bb7 11. Qe2 Nxe4 12. Bxe4 Bxe4 13. Qxe4 e6 14. Be3 Rc8 15. Rad1 Qc7 16. Qh4 cxd4 17. Bxd4 e5 18. Be3 Rfe8 19. Ng5 Nf8 20. Ne4 Re6 21. Bg5 Qc6 22. Bh6 Bxh6 23. Qxh6 Rce8 24. Qd2 Kg7 25. Qd5 h6 26. Nd6 Qxd5 27. Nxe8+ Rxe8 28. Rxd5 e4 29. f3 1-0

[Event "Regionalliga NO 0910"]
[Site "Bayern"]
[Date "2010.04.11"]
[Round "9.5"]
[White "Justi, Fabian"]
[Black "Stolpynsky, Mark"]
[Result "1-0"]
[WhiteElo "1839"]
[BlackElo "2000"]
[PlyCount "57"]
[EventDate "2009.10.18"]
[EventType "team-tourn"]
[EventRounds "9"]
[EventCountry "GER"]
[SourceTitle "EXT 2011"]
[Source "ChessBase"]
[SourceDate "2010.11.26"]
[SourceVersion "1"]
[SourceVersionDate "2010.11.26"]
[SourceQuality "1"]
[WhiteTeam "Forchheim II"]
[BlackTeam "Fuerth"]
[WhiteTeamCountry "GER"]
[BlackTeamCountry "GER"]

1. e4 c6 2. d4 d5 3. e5 Bf5 4. Nf3 e6 5. Nc3 c5 6. Ne2 Nc6 7. c3 Bg4 8. Be3 Qb6 9. Rb1 Bf5 10. g4 Bxb1 11. Qxb1 cxd4 12. cxd4 Bb4+ 13. Kd1 h5 14. g5 Nge7 15. Nf4 g6 16. Bd3 Nf5 17. Bxf5 gxf5 18. g6 Be7 19. Rg1 Rg8 20. g7 0-0-0 21. Nxh5 f4 22. Nxf4 Na5 23. b3 Kb8 24. h4 Bxh4 25. Nxh4 Nc4 26. Nh5 Nxe3+ 27. fxe3 Qc7 28. Nf6 Qc3 29. Ke2 1-0

[Event "Bayern-ch Seniors 21st"]
[Site "Bergen"]
[Date "2009.06.23"]
[Round "4"]
[White "Duerr, Rainer"]
[Black "Stolpynsky, Mark"]
[Result "0-1"]
[WhiteElo "1887"]
[BlackElo "2048"]
[PlyCount "66"]
[EventDate "2009.06.20"]
[EventType "swiss"]
[EventRounds "9"]
[EventCountry "GER"]
[SourceTitle "EXT 2015"]
[Source "ChessBase"]
[SourceDate "2014.11.20"]
[SourceVersion "1"]
[SourceVersionDate "2014.11.20"]
[SourceQuality "1"]

1. d4 d5 2. Nf3 c5 3. e3 Nf6 4. c3 e6 5. Nbd2 Nc6 6. Bd3 cxd4 7. exd4 Bd6 8. 0-0 0-0 9. Re1 Qc7 10. Qe2 a6 11. Ne5 b5 12. a3 Na5 13. Ndf3 Bb7 14. Bg5 Ne4 15. Bh4 Nc4 16. Nxc4 bxc4 17. Bxe4 dxe4 18. Nd2 Bxh2+ 19. Kh1 Bf4 20. Nxc4 Rae8 21. Ne3 f5 22. c4 g5 23. Bg3 Bxg3 24. fxg3 Qxg3 25. Qh5 Rd8 26. Rad1 Kg7 27. Qh2 Qxh2+ 28. Kxh2 h5 29. g3 Rd7 30. Rd2 Rfd8 31. Red1 Kf6 32. b4 f4 33. Nc2 e3 0-1

[Event "Mittelfranken-chTB1 0809"]
[Site "Mittelfranken"]
[Date "2008.10.12"]
[Round "1.5"]
[White "Stolpynsky, Mark"]
[Black "Kendzia, Nikolai"]
[Result "1/2-1/2"]
[WhiteElo "2080"]
[BlackElo "1904"]
[PlyCount "88"]
[EventDate "2008.10.12"]
[EventType "team"]
[EventRounds "9"]
[EventCountry "GER"]
[SourceTitle "EXT 2011"]
[Source "ChessBase"]
[SourceDate "2010.11.26"]
[SourceVersion "1"]
[SourceVersionDate "2010.11.26"]
[SourceQuality "1"]
[WhiteTeam "Fuerth SZ"]
[BlackTeam "Postbauer II"]
[WhiteTeamCountry "GER"]
[BlackTeamCountry "GER"]

1. c4 e5 2. e3 Nf6 3. a3 Nc6 4. Nc3 d5 5. cxd5 Nxd5 6. Qc2 a6 7. d3 Be7 8. Nf3 0-0 9. Be2 Be6 10. 0-0 f5 11. b4 Nxc3 12. Qxc3 Bf6 13. e4 Qe7 14. Bb2 Rad8 15. Rac1 Rd7 16. Qc5 Qxc5 17. Rxc5 fxe4 18. dxe4 Nd4 19. Nxd4 exd4 20. Bd3 Be7 21. Bc4 Bxc4 22. Rxc4 d3 23. Rd1 Rfd8 24. f4 b6 25. Rc6 a5 26. Bc3 axb4 27. axb4 Ra8 28. Kf2 Ra3 29. Bd2 Rb3 30. Ke3 Bxb4 31. Bxb4 Rxb4 32. Rxd3 Rxd3+ 33. Kxd3 Rb3+ 34. Kd4 Rb2 35. g4 Rxh2 36. Rxc7 Rh4 37. e5 Rxg4 38. Ke3 Rg3+ 39. Ke4 Rg1 40. f5 h5 41. Kd5 h4 42. Rc8+ Kf7 43. Rc7+ Kg8 44. Rc8+ Kf7 1/2-1/2

[Event "Mittelfrankenliga-B1 0708"]
[Site "Mittelfranken"]
[Date "2008.04.13"]
[Round "8.5"]
[White "Boese, Klaus"]
[Black "Stolpynsky, Mark"]
[Result "0-1"]
[WhiteElo "1953"]
[BlackElo "2080"]
[PlyCount "131"]
[EventDate "2007.10.14"]
[EventType "team-tourn"]
[EventRounds "9"]
[EventCountry "GER"]
[SourceTitle "EXT 2011"]
[Source "ChessBase"]
[SourceDate "2010.11.26"]
[SourceVersion "1"]
[SourceVersionDate "2010.11.26"]
[SourceQuality "1"]
[WhiteTeam "Bechhofen"]
[BlackTeam "Fuerth SZ"]
[WhiteTeamCountry "GER"]
[BlackTeamCountry "GER"]

1. d4 d5 2. Nf3 c5 3. e3 Nf6 4. Be2 Nc6 5. 0-0 cxd4 6. exd4 Bf5 7. c3 a6 8. Bf4 e6 9. Nbd2 Be7 10. Ne5 0-0 11. g4 Bg6 12. Nxg6 hxg6 13. Bg3 Bd6 14. Bf3 Qc7 15. Bg2 Rfc8 16. Qe2 Na5 17. Rfc1 Rab8 18. Nb3 Bxg3 19. hxg3 Qc4 20. Qd1 Qc7 21. Nxa5 Qxa5 22. Qe2 b5 23. a3 Ne8 24. Rc2 Nd6 25. f4 Qb6 26. Bf3 a5 27. Kg2 Qc7 28. Rac1 Qc4 29. Qe5 Qc7 30. Be2 Nc4 31. Qxc7 Rxc7 32. Kf3 Rbc8 33. Bd3 Nd6 34. Ke3 Kf8 35. Kf3 Ke7 36. a4 Nc4 37. axb5 Rb8 38. b3 Na3 39. Ra2 Nxb5 40. Rxa5 Nxd4+ 41. Ke3 Nxb3 42. Rb1 Nxa5 43. Rxb8 Rxc3 44. Ra8 Nc6 45. Kd2 Rb3 46. Kc2 Rb8 47. Ra3 Nb4+ 48. Kd2 Nxd3 49. Kxd3 Rb7 50. g5 f6 51. gxf6+ gxf6 52. Kd4 Rb4+ 53. Ke3 e5 54. Kf3 Rb6 55. g4 Ke6 56. Ke3 Rd6 57. Rd3 d4+ 58. Kf3 exf4 59. Kxf4 Kd5 60. Rd1 Kc4 61. Kf3 Re6 62. Kf2 d3 63. Rc1+ Kb3 64. Rc8 d2 65. Rd8 Kc2 66. Rc8+ 0-1

[Event "Mittelfrankenliga-B1 0607"]
[Site "Mittelfranken"]
[Date "2007.03.25"]
[Round "8.5"]
[White "Stolpynsky, Mark"]
[Black "Renner, Christian"]
[Result "1/2-1/2"]
[WhiteElo "2079"]
[BlackElo "1967"]
[PlyCount "63"]
[EventDate "2006.10.22"]
[EventType "team-tourn"]
[EventRounds "9"]
[EventCountry "GER"]
[SourceTitle "EXT 2011"]
[Source "ChessBase"]
[SourceDate "2010.11.26"]
[SourceVersion "1"]
[SourceVersionDate "2010.11.26"]
[SourceQuality "1"]
[WhiteTeam "Fuerth SZ"]
[BlackTeam "Nuernberg NT III"]
[WhiteTeamCountry "GER"]
[BlackTeamCountry "GER"]

1. d4 Nf6 2. Nf3 e6 3. g3 d5 4. Bg2 Be7 5. 0-0 0-0 6. c4 dxc4 7. Ne5 c5 8. dxc5 Qc7 9. Nxc4 Bxc5 10. Qb3 Nc6 11. Be3 Bxe3 12. Qxe3 Nd5 13. Bxd5 exd5 14. Nca3 Bh3 15. Re1 Rae8 16. Qc1 Qe5 17. Nc2 Rc8 18. Qf4 Qxb2 19. Nba3 Qe5 20. Qxe5 Nxe5 21. Red1 Be6 22. Nd4 Nc4 23. Nac2 g6 24. Kg2 a6 25. a4 Rc5 26. Nb3 Rc7 27. Nbd4 Na5 28. Ne3 Rfc8 29. Rab1 Rc3 30. Rb2 Re8 31. Rbb1 Kg7 32. Rbc1 1/2-1/2

[Event "Mittelfrankenliga-B1 0607"]
[Site "Mittelfranken"]
[Date "2006.11.12"]
[Round "2.5"]
[White "Siptitz, Friedrich"]
[Black "Stolpynsky, Mark"]
[Result "1/2-1/2"]
[WhiteElo "1950"]
[BlackElo "2079"]
[PlyCount "99"]
[EventDate "2006.10.22"]
[EventType "team-tourn"]
[EventRounds "9"]
[EventCountry "GER"]
[SourceTitle "EXT 2011"]
[Source "ChessBase"]
[SourceDate "2010.11.26"]
[SourceVersion "1"]
[SourceVersionDate "2010.11.26"]
[SourceQuality "1"]
[WhiteTeam "Nuernberg Sued SW II"]
[BlackTeam "Fuerth SZ"]
[WhiteTeamCountry "GER"]
[BlackTeamCountry "GER"]

1. c4 c6 2. d4 d5 3. Nc3 Nf6 4. g3 e6 5. Bg2 Be7 6. Nf3 Nbd7 7. 0-0 0-0 8. Re1 b6 9. b3 Bb7 10. Bb2 Re8 11. Nd2 c5 12. e3 Rc8 13. Rc1 Qc7 14. cxd5 exd5 15. Qe2 Qb8 16. Qd3 Qa8 17. Bh3 Rcd8 18. Qb1 Ne4 19. Ndxe4 dxe4 20. Bg2 Nf6 21. dxc5 Bxc5 22. Nb5 Qb8 23. Bxf6 gxf6 24. Rcd1 a6 25. Nd4 Bxd4 26. exd4 Bd5 27. Rc1 f5 28. Rc3 Be6 29. Rd1 Kg7 30. Qc1 h6 31. Rc6 Rd6 32. Rxd6 Qxd6 33. Qe3 Rc8 34. d5 Bd7 35. g4 Re8 36. gxf5 Bxf5 37. Qd4+ Qf6 38. Qb4 a5 39. Qd2 Bg4 40. Re1 Bf3 41. Bxf3 exf3 42. Kh1 Rxe1+ 43. Qxe1 Qd4 44. h3 Qxd5 45. Qe3 b5 46. Kh2 Qd6+ 47. Kh1 Qd1+ 48. Kh2 Qe2 49. a4 bxa4 50. bxa4 1/2-1/2